|
|
|
|
| LEADER |
00000cam a2200000 a 4500 |
| 001 |
vtls001335858 |
| 003 |
SK-MaSNL |
| 005 |
20260302033509.0 |
| 008 |
240226s1965 xr b grc 000 0 cze |
| 015 |
|
|
|a SNBA1965
|
| 020 |
|
|
|q (brožované)
|
| 035 |
|
|
|a SNK000288835
|
| 035 |
|
|
|a 840EEBC1-BA63-4C3A-A848-9E39F14C019D
|
| 035 |
|
|
|a urn:nbn:sk:snk-am00icps
|
| 040 |
|
|
|a SNK
|b slo
|c SNK
|e AACR2
|
| 041 |
0 |
|
|a cze
|
| 043 |
|
|
|a e-cs---
|
| 044 |
|
|
|a xr
|c CZ
|
| 072 |
|
7 |
|a 94(437)
|x Dejiny Československa
|2 konspekt
|
| 072 |
|
7 |
|a 355/359
|x Vojenstvo. Obrana krajiny. Ozbrojené sily
|2 konspekt
|
| 072 |
|
7 |
|a 912
|x Mapy. Atlasy
|2 konspekt
|
| 080 |
|
|
|a 355.48(100)"1939/1945"
|2 2001
|
| 080 |
|
|
|a 94(437.3)"1945"
|2 2001
|
| 080 |
|
|
|a 355.426(437.6)"1944"
|2 2011
|
| 080 |
|
|
|a 94(437.6)"1944"
|2 2011
|
| 080 |
|
|
|a (084.3)
|2 2001
|
| 245 |
0 |
0 |
|a Osvobození Československa Rudou armádou 1944/1945
|b mapy
|
| 260 |
|
|
|a Praha
|b Naše vojsko
|c 1965
|
| 300 |
|
|
|a 21 máp
|
| 610 |
1 |
7 |
|a Sovietsky zväz.
|b Raboče-Kresťjanskaja Krasnaja Armija
|2 SNKKA
|
| 648 |
|
7 |
|a 1944-1945
|2 SNKPH
|9 282693
|
| 650 |
0 |
7 |
|a druhá svetová vojna (1939-1945)
|2 SNKPH
|9 169657
|
| 650 |
0 |
7 |
|a Májové povstanie českého ľudu (1945)
|2 SNKPH
|9 177961
|
| 650 |
0 |
7 |
|a Slovenské národné povstanie (1944)
|2 SNKPH
|9 177948
|
| 650 |
0 |
7 |
|a národnooslobodzovacie boje
|2 SNKPH
|9 29313
|
| 651 |
|
7 |
|a Československo
|x dejiny
|2 SNKPHgeo
|9 161432
|
| 655 |
|
7 |
|a mapy
|2 SNKPH
|9 70425
|
| 852 |
|
|
|a Slovenská národná knižnica
|
| 958 |
|
|
|a RK
|
| 958 |
|
|
|a TL
|
| 958 |
|
|
|a CZ
|
| 958 |
|
|
|a ONDV
|
| 958 |
|
|
|a SP
|
| 999 |
|
|
|c 1062012
|d 1063942
|
| 952 |
|
|
|a SNK
|b SNK
|y PREZ
|7 0
|p 17A0523160
|o snkSC 19945/1-2b
|i snkKIP 3123/55
|3 rekatalogizácia
|0 0
|1 0
|4 0
|d 2006-11-15
|f 1
|l 0
|r 2026-02-24 15:29:13
|w 2026-02-24
|
| 952 |
|
|
|a SNK
|b SNK
|y PREZ
|7 0
|p 17A0145436
|o snkSC 19945/1-2b D1
|i snkKIP 3124/65
|z mapy: 21 ks
|0 0
|1 0
|4 0
|d 1998-07-01
|l 0
|r 2005-01-02 00:00:00
|w 2026-02-24
|